Géographie par lettre - N - Statistiques

Statistiques générales
  • Ce quiz a été pris 193 fois
  • Le résultat moyen est 15 sur 20
Statistiques - réponses
Questions Réponses % Correct
Quelle ville américaine est surnommée "Big Apple" ? New-York
97%
Quel pays se partage l'Everest avec la Chine ? Népal
94%
Quel pays d'Amérique Centrale a pour capitale Managua ? Nicaragua
92%
Quel est le plus long fleuve du monde ? Nil
92%
Quel pays africain connaît la plus grande croissance de population dans le monde ? Niger
91%
Quel pays africain est de loin le plus peuplé du continent ? Nigéria
91%
Quel pays européen possède le Svalbard ? Norvège
89%
Quelle ville est la préfecture des Alpes-Maritimes? Nice
87%
Quel pays d'Afrique Australe est séparé de l'Afrique du Sud par l'Orange, au Sud ? Namibie
86%
Quelle est la capitale du Kenya ? Nairobi
85%
Quelle ville est surnommée la ville des "Ducs de Bretagne" ? Nantes
84%
Quelle ville se situe au pied du Vésuve ? Naples
82%
Quel Etat du Pacifique est le plus petit d'Océanie ? Nauru
77%
Quelle est la plus grande ville de Nouvelle-Calédonie ? Nouméa
76%
Quel pays est séparé en deux îles, de tailles pratiquement égales ? Nouvelle-Zélande
73%
Quel est le département le plus peuplé de France ? Nord
70%
Quelle ville chantée par Eddy Mitchell, est la capitale du Tennessee ? Nashville
51%
Quelle ville est la plus peuplée du Nord-Est de l'Angleterre ? Newcastle
49%
Quelle ville chinoise est appelée la "Capitale du Sud" ? Nankin
38%
Quelle ville de Russie est la plus grande de Sibérie ? Novossibirsk
21%
Aucun quiz correspondant
Distribution des résultats
% des personnes avec chaque résultat
Percentile par nombre de réponses
Votre historique - résultats
Vous n’avez pas pris ce quiz